000
00326nam a2200121Ia 4500
008
220204s9999 xx 000 0 und d
082
_a
658.8
_b
FIT
100
_a
Fitzroy, Peter T
245
0
_a
Analytical methods for marketing management
260
_a
London
_b
McGraw Hill
_c
1976
650
_a
Marketing management
942
_c
BK
999
_c
25566
_d
25566